Comparative Higher Education : (Record no. 7634)

MARC details
000 -LEADER
fixed length control field 00745nam a22002177a 4500
003 - CONTROL NUMBER IDENTIFIER
control field OSt
005 - DATE AND TIME OF LATEST TRANSACTION
control field 20220120113320.0
008 - FIXED-LENGTH DATA ELEMENTS--GENERAL INFORMATION
fixed length control field 220120b ||||| |||| 00| 0 eng d
020 ## - INTERNATIONAL STANDARD BOOK NUMBER
International Standard Book Number 1567503810
040 ## - CATALOGING SOURCE
Transcribing agency DDC
082 ## - DEWEY DECIMAL CLASSIFICATION NUMBER
Classification number 370 ALT 1998
100 ## - MAIN ENTRY--PERSONAL NAME
Personal name Altbach, Philip G
9 (RLIN) 15615
245 ## - TITLE STATEMENT
Title Comparative Higher Education :
Remainder of title Knowledge, the university, and Development
260 ## - PUBLICATION, DISTRIBUTION, ETC. (IMPRINT)
Place of publication, distribution, etc. Greenwich:
Name of publisher, distributor, etc. Ablex Publishing;
Date of publication, distribution, etc. ©1998
300 ## - PHYSICAL DESCRIPTION
Extent xxvii, 248 pages ;
Dimensions 24 cm
504 ## - BIBLIOGRAPHY, ETC. NOTE
Bibliography, etc Includes bibliographical references and index.
650 ## - SUBJECT ADDED ENTRY--TOPICAL TERM
Topical term or geographic name as entry element Education, Higher -- Cross-cultural studies.
9 (RLIN) 15616
650 ## - SUBJECT ADDED ENTRY--TOPICAL TERM
Topical term or geographic name as entry element Education, Higher -- Social aspects -- Cross-cultural studies.
9 (RLIN) 15617
650 ## - SUBJECT ADDED ENTRY--TOPICAL TERM
Topical term or geographic name as entry element Comparative education
9 (RLIN) 5748
942 ## - ADDED ENTRY ELEMENTS (KOHA)
Source of classification or shelving scheme Dewey Decimal Classification
Koha item type Book
Holdings
Withdrawn status Lost status Source of classification or shelving scheme Damaged status Not for loan Home library Current library Date acquired Source of acquisition Inventory number Total Checkouts Full call number Barcode Date last seen Price effective from Koha item type
    Dewey Decimal Classification     MUST Main Library MUST Main Library 20/01/2022 Purchase 15/39579   370 ALT 1998 2022-0081 20/01/2022 20/01/2022 Book